[Event "Cheliabinsk Lozovatsky Memorial-A"]
[Site "Cheliabinsk"]
[Date "2023.02.03"]
[Round "8"]
[White "Lisimenko, Ruslan"]
[Black "Kurchenko, Egor"]
[Result "0-1"]
[WhiteElo "2241"]
[BlackElo "2123"]
[PlyCount "104"]
[EventDate "2023.01.27"]
[EventType "swiss"]
[EventRounds "10"]
[EventCountry "RUS"]
[SourceTitle "CBM 212 Extra"]
[Source "ChessBase"]
[SourceDate "2023.03.31"]
[SourceVersion "1"]
[SourceVersionDate "2023.03.31"]
[SourceQuality "1"]

1. d4 d5 2. c4 dxc4 3. e3 e5 4. Bxc4 Nc6 5. Nf3 e4 6. Qb3 Qf6 7. Nfd2 Qg6 8. Nxe4 Qxe4 9. Bxf7+ Ke7 10. Nc3 Qxg2 11. Bd5 Qg6 12. Bxg8 Rxg8 13. Nd5+ Kd8 14. Nf4 Qe8 15. Bd2 Bd6 16. 0-0-0 Bxf4 17. exf4 Ne7 18. Rhe1 Qc6+ 19. Kb1 Re8 20. Ka1 Nf5 21. d5 Qg6 22. Bb4 Rxe1 23. Rxe1 Nd6 24. Qe3 Qf7 25. Qe5 Bd7 26. Rg1 Nf5 27. Qe4 a5 28. Bc3 Ra6 29. Be5 Rg6 30. Rc1 Nd6 31. Qc2 Bf5 32. Qc5 b6 33. Qc6 Bc8 34. Qa8 Nc4 35. Qb8 Nxe5 36. fxe5 Qd7 37. d6 cxd6 38. Qxb6+ Ke7 39. a3 dxe5 40. Qxa5 Rc6 41. Qxe5+ Kf8 42. Re1 Re6 43. Qf4+ Qf7 44. Qb4+ Qe7 45. Qf4+ Kg8 46. Rd1 Bd7 47. Qd2 Bc6 48. Qa5 h6 49. f4 Qf6 50. Qc7 Kh7 51. Rg1 Be4 52. a4 Qd4 0-1

[Event "Eurasia Cup op"]
[Site "Ekaterinburg"]
[Date "2019.08.06"]
[Round "6"]
[White "Isanzhulov, Arystan"]
[Black "Lisimenko, Ruslan"]
[Result "1-0"]
[WhiteElo "2278"]
[BlackElo "2112"]
[PlyCount "87"]
[EventDate "2019.07.31"]
[EventType "swiss"]
[EventRounds "9"]
[EventCountry "RUS"]
[SourceTitle "CBM 191 Extra"]
[Source "ChessBase"]
[SourceDate "2019.09.30"]
[SourceVersion "1"]
[SourceVersionDate "2019.09.30"]
[SourceQuality "1"]

1. e4 c5 2. Nf3 d6 3. d4 cxd4 4. Nxd4 Nf6 5. Nc3 a6 6. Bg5 Nbd7 7. f4 Qc7 8. Qf3 g6 9. 0-0-0 Bg7 10. Kb1 0-0 11. h4 h5 12. f5 Ne5 13. Qf4 e6 14. Bh6 Bd7 15. Bxg7 Kxg7 16. Nf3 b5 17. Qd2 b4 18. Qxd6 Qxd6 19. Rxd6 Nxf3 20. gxf3 bxc3 21. e5 Nd5 22. f6+ Kg8 23. Rxd7 cxb2 24. Rb7 Rfb8 25. Rxb2 Rxb2+ 26. Kxb2 Rb8+ 27. Kc1 a5 28. Bd3 Nb4 29. Kd2 Nc6 30. f4 Rb4 31. Rf1 Nb8 32. Kc3 Ra4 33. Bb5 Rb4 34. a4 Kh7 35. Kd3 Rb2 36. Rd1 Ra2 37. c3 Rh2 38. Ke4 Rxh4 39. Rd8 g5 40. Rxb8 Rxf4+ 41. Ke3 Rf5 42. Bd3 h4 43. Bxf5+ exf5 44. e6 1-0

[Event "Eurasia Cup op"]
[Site "Ekaterinburg"]
[Date "2019.08.01"]
[Round "2"]
[White "Erokhin, Artem"]
[Black "Lisimenko, Ruslan"]
[Result "1/2-1/2"]
[WhiteElo "1801"]
[BlackElo "2112"]
[PlyCount "39"]
[EventDate "2019.07.31"]
[EventType "swiss"]
[EventRounds "9"]
[EventCountry "RUS"]
[SourceTitle "CBM 191 Extra"]
[Source "ChessBase"]
[SourceDate "2019.09.30"]
[SourceVersion "1"]
[SourceVersionDate "2019.09.30"]
[SourceQuality "1"]

1. d4 Nf6 2. c4 g6 3. Nc3 d5 4. Nf3 Bg7 5. h4 h6 6. Bf4 c6 7. cxd5 Nxd5 8. Nxd5 cxd5 9. e3 Qa5+ 10. Qd2 Qxd2+ 11. Kxd2 Nc6 12. Rc1 0-0 13. Rc5 e6 14. Bb5 Bd7 15. Bd6 Rfd8 16. Bc7 Rdc8 17. Bd6 Rd8 18. Bc7 Rdc8 19. Bd6 Rd8 20. Bc7 1/2-1/2